000
00244nam a22001217a 4500
040
_c
HS
082
_a
658p;
110
_a
PARTICIP GMBH
245
_a
Project management
260
_a
Belgium
_b
PARTICIP GMBH
_c
2002
300
_a
70p;
942
_c
EK
999
_c
9708
_d
9708